00730 2200241 4500001002100000005001700021008004100038035002400079082001400103090002100117100005500138245011900193250001100312260002900323300001900352650003500371700001900406850001200425980001500437985000600452999001500458999001500473YOGYA-0209000006480420090227040336.0 ind  0010-020900000064804 a899.26211 a889.26211bPro S aPROYEK PENERBITAN BUKU SASTRA INDONESIA DAN DAERAH aSinrilikna i ManakklukcProyek Penerbitan buku sastra Indonesia dan Daerah ; Alih aksara dan bahasa djirong basang aCet. 1 aJakartabdepdikbudc1988 a148 hlmc21 cm aKesusasteraan makasar - Cerita aBasang, Jirong aYOPDYOG a01-09-2008 a2 aA000007921 aA000007922